| 000 | 00664nam a22001937a 4500 | ||
|---|---|---|---|
| 005 | 20260410112741.0 | ||
| 010 | _aENG-148193 | ||
| 020 |
_c250.00 _a9789348685582 |
||
| 035 | _aEN-131725 | ||
| 037 | _bDBAD | ||
| 082 |
_a234.3 _21 |
||
| 100 |
_aFernandes, A.J Caetano Da Cruz _988854 |
||
| 245 |
_aThe Blood of Christ/ _cA.J Caetano Da Cruz Fernandes |
||
| 250 | _a1 | ||
| 260 |
_bATC Publishers _aBengaluru _c2025 |
||
| 270 |
_aSt's Mary Block, Archdiocesan,Pastoral Center,#5, Nandidurga Road,Benson Town _bBengaluru _e560046 _k+918025491999 _k7090100444 _minfo@atcpublishers.com |
||
| 300 |
_a212p. _c21cm(pb) |
||
| 942 |
_2ddc _cEN _h234.3 _mFER |
||
| 999 |
_c215847 _d215847 |
||